000 01009cam a22002774a 4500
001 15674889
003 GBCCL
005 20241126110346.0
008 090326s2009 miu b 000 0 eng
010 _a 2009012339
020 _a9780825441660 (pbk.)
040 _aDLC
_cDLC
_dDLC
050 0 0 _aPN6084.O3
_bS67 2009
082 0 0 _a251.0022
_222
_bSPE
245 0 4 _aThe speaker's quote book :
_bover 5,000 illustrations and quotations for all occasions /
_c[compiled by] Roy B. Zuck.
250 _aRevised and expanded ed.
260 _aBangalore :
_bAsian Trading Corporation,
_c2009
260 _aGrand Rapids, MI :
_bKregel Academic & Professional,
_cc2009.
300 _a560 p. ;
_c23 cm.
504 _aIncludes bibliographical references.
650 0 _aQuotations, English.
_91163
700 1 _aZuck, Roy B.
_91164
906 _a7
_bcbc
_corignew
_d1
_eecip
_f20
_gy-gencatlg
942 _2ddc
_cBK
_05
999 _c799
_d799